000 01673nam a2200289Ia 4500
001 B0913
003 IT-RoPAU
008 130308s9999 xx 000 0 und d
040 _aIT-RoPAU
040 _cIT-RoPAU
041 _aINGLESE
100 _aNtomchukwu Asuzu Boniface
100 _gCodice Aut. SPICS: 37293
245 _aCommunications Strategy in the New Era of Evangelization (Case for the Catholic Church of Nigeria)
245 _bCommunications Strategy in The New Era Of Evangelization (Case For The Catholic Church Of Nigeria)
250 _a1a ed.
260 _bs.e. (senza Editrice o non identificata)
260 _c1987 [1° Ed.:1987 - Ed.Ling.Originale:1987]
300 _a"366 p. (prefazione: 22; testo: 344 [pagine: 0-0])"
500 _aStrategia di Comunicazione nella Nuova Era dell'Evanmgelizzazione: Caso della Chiesa Cattolica in Nigeria. nazione Nigeriana Emergente: ritratto Culturale, Politico e Socio Economico, Situazione delle comunicazioni in Nigeria, Trasmissioni Radio televisive e Film. Crescita con l'esplosione dell'Eradelle Comunicazioni: impatto delle Moderne tecnologie Sulle comunicazioni Umane, Uomo Audiovisivo, Chiesa e Cultura Contemporanea, Cultura e Media. Agenda della Nuova Era dell'Evangelizzazione: riguardo a una maggiore partecipazione della Comunicazione nell'Evangelizzazione, Group Media nell'Evangelizzazione, missione e Chiesa nella Prospettiva del Vaticano Ii, preparazione Appropriata al Ministero Pastorale dei futuri Preti. Bibliografia.
650 _aSAGGI PASTORALE COMUNICAZIONE SOCIALE
650 _eCodice materia Spics: 9311
942 _cBK
957 _71
999 _c76085
_d76085
999 _bSI
999 _g1